رؤى التيارات الفكرية في إسرائيل لقضية يهودية الدولة. (رقم التسجيلة. 163435)
[ عرض عادي ]
| 000 -LEADER | |
|---|---|
| fixed length control field | 02722nam a2200289Ia 4500 |
| 005 - DATE AND TIME OF LATEST TRANSACTION | |
| control field | 20250223033104.0 |
| 008 - FIXED-LENGTH DATA ELEMENTS--GENERAL INFORMATION | |
| fixed length control field | 231030s9999 xx 000 0 und d |
| 049 ## - LOCAL HOLDINGS (OCLC) | |
| Holding library | إيداع |
| 082 ## - DEWEY DECIMAL CLASSIFICATION NUMBER | |
| Classification number | 320 |
| 097 ## - Thesis Degree | |
| Thesis Level | Ph.D |
| 099 ## - LOCAL FREE-TEXT CALL NUMBER (OCLC) | |
| Classification number | Cai01.03.04.Ph.D.2023.إن.ر |
| 100 ## - MAIN ENTRY--PERSONAL NAME | |
| Personal name | إنجى وحيد فخرى الأقصرى، |
| 245 ## - TITLE STATEMENT | |
| Title | رؤى التيارات الفكرية في إسرائيل لقضية يهودية الدولة. |
| Statement of responsibility, etc. | إعداد إنجى وحيد فخرى الأقصرى ؛ إشراف ماجدة على صالح. |
| 246 ## - VARYING FORM OF TITLE | |
| Title proper/short title | Israel’s intellectual currents visions of the jewish state cause. |
| 260 ## - PUBLICATION, DISTRIBUTION, ETC. | |
| Date of publication, distribution, etc. | 2023. |
| 336 ## - CONTENT TYPE | |
| Source | rda content |
| Content type term | text |
| 337 ## - MEDIA TYPE | |
| Source | rdamedia |
| Media type term | Unmediated |
| 338 ## - CARRIER TYPE | |
| Source | rdacarrier |
| Carrier type term | volume |
| 502 ## - DISSERTATION NOTE | |
| Dissertation note | أطروحة (دكتواره)-جامعة القاهرة، 2023. |
| 504 ## - BIBLIOGRAPHY, ETC. NOTE | |
| Bibliography, etc. note | ببليوجرافيا: ص. 216-248. |
| 520 ## - SUMMARY, ETC. | |
| Summary, etc. | سعت الدراسة إلى بيان رؤى كلا من تيار الصهيونية الجديدة وما بعد الصهيونية والفلسطينيين بالداخل الإسرائيلي تجاه قضية يهودية الدولة، أما التيار الأول فهو تيار الصهيونية الجديدة والذي يوصف بكونه تيار أصولي ديني متشدد يسعى إلى تهويد الدولة الإسرائيلية، بينما التيار الثاني فهو تيار ما بعد الصهيونية وهو تيار أكاديمي يسعى إلى أن تكون إسرائيل دولة ديمقراطية علمانية لجميع مواطنيها من اليهود والفلسطينيين، بينما التيار الثالث فهو تيار الفلسطينيين بالداخل الاسرائيلي والذي قدم العديد من الرؤى من بينها رؤية لجعل الدولة الإسرائيلية ديمقراطية خالصة يعيش فيها الفلسطينيين جنبًا إلى جنب مع اليهود، وقد توصلت الدراسة عدة نتائج أهمها وجود علاقة تبادلية بين قضية ”يهودية الدولة” و”الهوية” في إسرائيل، بمعنى أن أزمة الهوية في المجتمع الإسرائيلي قد أثرت على نمو الأفكار والمعتقدات الداعية لتهويد الدولة الإسرائيلية وأن ايديولوجية التهويد اثرت في نمو الافكار الداعية للديمقراطية على أساس المساواة في المواطنة. |
| 653 ## - INDEX TERM--UNCONTROLLED | |
| Uncontrolled term | الفكرية الإسرائيلية |
| 700 ## - ADDED ENTRY--PERSONAL NAME | |
| Personal name | ماجدة على صالح |
| 856 ## - ELECTRONIC LOCATION AND ACCESS | |
| Uniform Resource Identifier | <a href="http://172.23.153.220/th.pdf">http://172.23.153.220/th.pdf</a> |
| 905 ## - LOCAL DATA ELEMENT E, LDE (RLIN) | |
| Cataloger | Mohamady |
| 942 ## - ADDED ENTRY ELEMENTS (KOHA) | |
| Koha item type | Thesis |
| Source of classification or shelving scheme | Dewey Decimal Classification |
| Source of classification or shelving scheme | Not for loan | Home library | Current library | Date acquired | Full call number | Barcode | Date last seen | Koha item type |
|---|---|---|---|---|---|---|---|---|
| Dewey Decimal Classification | المكتبة المركزبة الجديدة - جامعة القاهرة | قاعة الرسائل الجامعية - الدور الاول | 11.02.2024 | Cai01.03.04.Ph.D.2023.إن.ر | 01010100030507000 | 30.10.2023 | Thesis |